| 000 | 00669nam a2200217 a 4500 | ||
|---|---|---|---|
| 005 | 20210219153532.0 | ||
| 008 | 991125n 000 0 u | ||
| 035 | _aUPN01000105198 | ||
| 100 | _aNorton, Priscilla | ||
| 222 | 0 | _aEDUCATIONAL TECHNOLOGY | |
| 245 | 0 | _aWhen technology meets the subject-matter disciplines in education : part three : incorporating the computer as method | |
| 300 | _a35-44 | ||
| 362 | _a32, No. 8, 1992 | ||
| 505 | _aEnero 1993 | ||
| 653 | 0 | _aDESARROLLO CURRICULAR | |
| 653 | 0 | _aDISCIPLINA INTELECTUAL | |
| 653 | 0 | _aDISEÑO ASISTIDO POR ORDENADOR | |
| 653 | 0 | _aINNOVACION EDUCATIVA | |
| 904 |
_aAC _b043009 |
||
| 905 | _aArticulo | ||
| 999 |
_c79325 _d79325 |
||